Odbytové možnosti Kancelářských strojů k.ú.o. v oblasti SMEP

Bibliographic Details
Main Author: Vojtěch, Václav (Author)
Format: Article
Language:Czech
Subjects:

MARC

LEADER 00000nab a2200000 a 4500
001 vtls000243770
003 SK-MaSNL
005 20260302211509.0
008 160201c1985 xo 0 cze
015 |a SNBRA19rr/mm-uuuuu 
035 |a CL0253884 
040 |a SNKBUCL  |b slo  |c SNKBUCL  |e AACR2 
041 0 |a cze 
044 |a xo  |c SK 
080 |a 339.3:681.3  |2 1981 
080 |a 681.3  |2 1981 
080 |a 681.3-181.4  |2 1981 
100 1 |a Vojtěch, Václav  |4 aut  |9 375384 
245 1 0 |a Odbytové možnosti Kancelářských strojů k.ú.o. v oblasti SMEP  |c Václav Vojtěch 
650 0 7 |a Kancelářské stroje, k.ú.o.  |2 snkbucl  |9 935171 
650 0 7 |a minipočítače  |2 snkbucl  |9 961 
650 0 7 |a SMEP  |2 snkbucl  |9 626514 
655 7 |a články zo zborníkov  |2 snkbucl  |9 166140 
773 0 |t SMEP 85. 2  |d Bratislava : Dom techniky ČSVTS, 1985 
850 |a Slovenská národná knižnica v Martine  |a MTA001 
852 |a SNK  |b KIS3GCP 
958 |a RK 
958 |a CZ 
992 |a RZB 
999 |c 1485437  |d 1487367